Libertad y relaciones humanas (Record no. 117963)

MARC details
000 -LEADER
campo de control de longitud fija 00544nam a2200169 4500
001 - NÚMERO DE CONTROL
campo de control 117963
003 - IDENTIFICADOR DE NÚMERO DE CONTROL
campo de control ES-MaACL
005 - FECHA Y HORA DE LA ÚLTIMA TRANSACCIÓN
campo de control 20230906191014.0
007 - CAMPO FIJO DE DESCRIPCIÓN FÍSICA--INFORMACIÓN GENERAL
campo de control de longitud fija t|
008 - DATOS DE LONGITUD FIJA--INFORMACIÓN GENERAL
campo de control de longitud fija 070214s1971 sp r ||||1| spa d
100 1# - ENTRADA PRINCIPAL--NOMBRE DE PERSONA
Nombre de persona Peretti, André de.
9 (RLIN) 90535
245 10 - MENCIÓN DEL TÍTULO
Título Libertad y relaciones humanas
Resto del título : o la inspiración no directiva /
Mención de responsabilidad, etc. André de Peretti ; traducción de Carlos de la Sierra.
260 ## - PUBLICACIÓN, DISTRIBUCIÓN, ETC.
Lugar de publicación, distribución, etc. Madrid :
Nombre del editor, distribuidor, etc. Marova,
Fecha de publicación, distribución, etc. 1971.
300 ## - DESCRIPCIÓN FÍSICA
Extensión 228 p. ;
Dimensiones 21 cm.
700 1# - ENTRADA AGREGADA--NOMBRE PERSONAL
Nombre de persona Sierra, Carlos de la.
9 (RLIN) 106244
852 ## - LOCALIZACIÓN
Ubicación ES-MaACL
Número de control de estantería C-39600
Sublocalización o colección R.76855
Holdings
Estatus retirado Estado de pérdida Estado de daño No para préstamo Biblioteca de origen Biblioteca actual Ubicación en estantería Fecha de adquisición Fuente de adquisición Total de préstamos Signatura topográfica completa Código de barras Visto por última vez Precio de reemplazo Tipo de ítem Koha
        Biblioteca del Ateneo de Madrid Biblioteca del Ateneo de Madrid Depósito 2 17/01/2008     C-39600 1122978 23/02/2023 23/02/2023 Libro impreso